00160nam a22000857a 4500003000400000100001500004245001900019250000800038260002800046SGT aSASI KUMAR aSPOKEN ENGLISH a3RD aNEW DELHIbMC GRAW HILL